| 000 | 00522cam a22002052a 4500 | ||
|---|---|---|---|
| 001 | 021094 | ||
| 003 | AR-FADEU | ||
| 008 | 311216n2009####xxu####################dd | ||
| 020 | _a978-987-03-1581-0 | ||
| 092 |
_aD346.461 _bC824 |
||
| 100 | _aCorrea, Carlos M. | ||
| 245 | _aGuía sobre patentes farmacéuticas | ||
| 260 | _aBuenos Aires | ||
| 260 | _bLa Ley | ||
| 260 | _c2009 | ||
| 300 | _a247 p | ||
| 500 | _aVol. 1 y 2. -- Incluye bibliografía | ||
| 650 | _aPROPIEDAD INTELECTUAL; PATENTES | ||
| 942 | _cBDGR | ||
| 999 |
_c26812 _d26812 |
||